=LDR 00000nam 2200000 4500 =001 000539 =005 20250711121653 =035 ##$$a 0010-0725000407 =007 ta =008 250711################a##########0#ind## =020 ##$$a 978-623-307-195-6 =082 ##$$a 398.245 =084 ##$$a 398.245 ADH s =100 #$$a Adhayati, Tuti =245 1#$$a Siapa Dia? /$c Tuti Adhayati =250 ##$$a Cetakan Pertama =260 ##$$a Jakarta Timur :$b Badan Pengembangan dan Pembinaan Bahasa,$c 2022 =300 ##$$a 24 hlm : $b ilus. ; $c 29,7 cm =650 #4$$a Literasi-Bahan Bacaan =600 #4$$a Cerita anak - Fabel =856 ##$$a TBM AS SUHADA =990 ##$$a TBM03000300